Round the camp fire in East Africa / (Record no. 12034)
[ view plain ]
| 000 -LEADER | |
|---|---|
| fixed length control field | 00496nam a22001812 4500 |
| 001 - CONTROL NUMBER | |
| control field | 0000009719 |
| 005 - DATE AND TIME OF LATEST TRANSACTION | |
| control field | 20151217155218.0 |
| 008 - FIXED-LENGTH DATA ELEMENTS--GENERAL INFORMATION | |
| fixed length control field | 081123s xx 000 0 eng d |
| 040 ## - CATALOGING SOURCE | |
| Original cataloging agency | KABU |
| Transcribing agency | KABU |
| 100 1# - MAIN ENTRY--PERSONAL NAME | |
| Personal name | Hall, A. Vine. |
| -- | 0000161473 |
| 245 10 - TITLE STATEMENT | |
| Title | Round the camp fire in East Africa / |
| Statement of responsibility, etc. | A. Vine Hall. |
| 250 ## - EDITION STATEMENT | |
| Edition statement | 6th ed. |
| 260 ## - PUBLICATION, DISTRIBUTION, ETC. (IMPRINT) | |
| Place of publication, distribution, etc. | London : |
| Name of publisher, distributor, etc. | Longmans, |
| Date of publication, distribution, etc. | 1931. |
| 300 ## - PHYSICAL DESCRIPTION | |
| Extent | 65 p. |
| 852 1# - LOCATION | |
| -- | p200 KES |
| 908 ## - PUT COMMAND PARAMETER (RLIN) | |
| Put command parameter | 081123 |
| 950 ## - LOCAL HOLDINGS (RLIN) | |
| -- | 1 |
| Withdrawn status | Lost status | Source of classification or shelving scheme | Not for loan | Home library | Current library | Date acquired | Total Checkouts | Full call number | Barcode | Date last seen | Price effective from | Koha item type |
|---|---|---|---|---|---|---|---|---|---|---|---|---|
| Library of Congress Classification | Kabarak, Main Campus | Kabarak, Main Campus | 17/12/2015 | PR6015 .A3R6 c. 1 | 15575 | 17/12/2015 | 17/12/2015 | General Collection |